Statystyki dla Z jakiego województwa jest to piwo

Kliknij tutaj aby rozwiązać quiz!

Ogólne statystyki

  • Ten quiz został rozwiązany 160 razy
  • Średni wynik to 8 z 16

Statystyki odpowiedzi

Odpowiedź% Poprawnych
Śląskie
80%
Śląskie
72%
Wielkopolskie
72%
Podlaskie
63%
Podlaskie
63%
Małopolskie
56%
Lubelskie
55%
Mazowieckie
51%
Podkarpackie
51%
Opolskie
45%
Dolnośląskie
43%
Śląskie
43%
Mazowieckie
37%
Śląskie
31%
Warmińsko-mazurskie
30%
Świętokrzyskie
21%

Rozkład punktacji

Percentyl według liczby udzielonych odpowiedzi

Procent ludzi z każdym wynikiem

Twoja historia wyników

Nie rozwiązałeś tego quizu